| 000 | 00432nam a22001697a 4500 | ||
|---|---|---|---|
| 003 | NUST - PNEC | ||
| 005 | 20170116181014.0 | ||
| 008 | 150913b xxu||||| |||| 00| 0 eng d | ||
| 020 | _a0134678958 | ||
| 040 | _cLIBRARY | ||
| 082 | _a005.4469 LAF | ||
| 100 |
_910361 _aLafore, Robert |
||
| 245 |
_aPeter Norton's inside OS/2 _cRobert Lafore |
||
| 260 | _cc.1988 | ||
| 650 |
_910364 _aOS/2 (Computer file) _xMIS |
||
| 942 |
_2ddc _cBK |
||
| 999 |
_c67201 _d67201 |
||